Top 100 größte Unternehmen (Umsatz) - Statistiken

Allgemein
  • Dieses Quiz wurde 659 mal gespielt
  • Das Durchschnittsergebnis liegt bei 17 aus 100
Antwortstatistiken
Rang Umsatz Unternehmen Land Branche % Korrekt
8. 394 Mrd. $ Apple 🇺🇸 USA Technologie
84%
15. 294 Mrd. $ Volkswagen 🇩🇪 Deutschland Automobil
83%
47. 157 Mrd. $ Mercedes-Benz Group 🇩🇪 Deutschland Automobil
77%
4. 514 Mrd. $ Amazon.com 🇺🇸 USA Internethandel
75%
57. 150 Mrd. $ BMW Group 🇩🇪 Deutschland Automobil
72%
25. 234 Mrd. $ Samsung Electronics 🇰🇷 Südkorea Technologie
67%
1. 611 Mrd. $ Walmart 🇺🇸 USA Einzelhandel
65%
30. 198 Mrd. $ Microsoft 🇺🇸 USA Technologie
64%
79. 120 Mrd. $ Deutsche Telekom 🇩🇪 Deutschland Telekommunikation
62%
19. 274 Mrd. $ Toyota Motor 🇯🇵 Japan Automobil
57%
78. 121 Mrd. $ AT&T 🇺🇸 USA Telekommunikation
51%
67. 129 Mrd. $ Allianz 🇩🇪 Deutschland Versicherung
45%
88. 110 Mrd. $ Reliance Industries 🇮🇳 Indien Mischkonzern
45%
9. 386 Mrd. $ Shell 🇬🇧 Großbritannien Öl & Gas
41%
46. 158 Mrd. $ Ford Motor 🇺🇸 USA Automobil
37%
85. 110 Mrd. $ Hyundai Motor 🇰🇷 Südkorea Automobil
37%
81. 117 Mrd. $ Meta Platforms 🇺🇸 USA Technologie
37%
73. 122 Mrd. $ E.ON 🇩🇪 Deutschland Energieversorger
33%
41. 168 Mrd. $ Gazprom 🇷🇺 Russland Öl & Gas
32%
2. 604 Mrd. $ Saudi Aramco 🇸🇦 Saudi-Arabien Öl & Gas
32%
70. 125 Mrd. $ Honda Motor 🇯🇵 Japan Automobil & Motoren
31%
22. 249 Mrd. $ BP 🇬🇧 Großbritannien Öl & Gas
29%
40. 171 Mrd. $ Valero Energy 🇺🇸 USA Öl & Gas
26%
68. 129 Mrd. $ Alibaba Group 🇨🇳 China Onlinehandel
25%
50. 156 Mrd. $ General Motors 🇺🇸 USA Automobil
24%
17. 283 Mrd. $ Alphabet 🇺🇸 USA Technologie
23%
45. 159 Mrd. $ Mitsubishi Motors 🇯🇵 Japan Automobil
21%
90. 109 Mrd. $ Target Corporation 🇺🇸 USA Einzelhandel
21%
92. 106 Mrd. $ SK Hynix 🇰🇷 Südkorea Technologie
19%
82. 115 Mrd. $ Bank of America 🇺🇸 USA Bank
18%
53. 155 Mrd. $ JPMorgan Chase 🇺🇸 USA Bank
17%
49. 156 Mrd. $ Bank of China 🇨🇳 China Bank
15%
7. 414 Mrd. $ ExxonMobil 🇺🇸 USA Öl & Gas
14%
42. 165 Mrd. $ China National Offshore Oil 🇨🇳 China Öl & Gas
13%
71. 124 Mrd. $ Petrobras 🇧🇷 Brasilien Öl & Gas
13%
20. 263 Mrd. $ TotalEnergies 🇫🇷 Frankreich Öl & Gas
13%
14. 302 Mrd. $ Berkshire Hathaway 🇺🇸 USA Mischkonzern
9%
23. 246 Mrd. $ Chevron 🇺🇸 USA Öl & Gas
9%
91. 109 Mrd. $ AXA 🇫🇷 Frankreich Versicherung
8%
37. 176 Mrd. $ Phillips 66 🇺🇸 USA Öl & Gas
8%
31. 189 Mrd. $ Stellantis 🇳🇱 Niederlande Automobil
8%
10. 324 Mrd. $ UnitedHealth 🇺🇸 USA Versicherung
8%
86. 110 Mrd. $ China Post 🇨🇳 China Logistik
7%
39. 172 Mrd. $ China Railway Engineering 🇨🇳 China Eisenbahnbau
7%
61. 141 Mrd. $ Eni 🇮🇹 Italien Öl & Gas
7%
99. 101 Mrd. $ Citigroup 🇺🇸 USA Bank
6%
97. 102 Mrd $ Dell Technologies 🇺🇸 USA Technologie
6%
75. 122 Mrd. $ Fannie Mae 🇺🇸 USA Bank
6%
27. 223 Mrd. $ Foxconn 🇹🇼 Taiwan Technologie
6%
21. 256 Mrd. $ Glencore 🇨🇭 Schweiz Rohstoffhandel
6%
48. 157 Mrd. $ Home Depot 🇺🇸 USA Einzelhandel
6%
16. 288 Mrd. $ Uniper 🇩🇪 Deutschland Energieversorger
6%
11. 322 Mrd. $ CVS Health 🇺🇸 USA Pharmahandel
5%
59. 148 Mrd. $ Enel 🇮🇹 Italien Versorger
5%
52. 156 Mrd. $ JD.com 🇨🇳 China Internethandel
5%
36. 180 Mrd. $ Marathon Petroleum 🇺🇸 USA Öl & Gas
5%
6. 471 Mrd. $ Sinopec 🇨🇳 China Öl & Gas
5%
3. 530 Mrd. $ State Grid 🇨🇳 China Energieversorger
5%
64. 137 Mrd. $ Verizon 🇺🇸 USA Telekommunikation
5%
5. 484 Mrd. $ China NationalPetroleum 🇨🇳 China Öl & Gas
4%
13. 306 Mrd. $ China State ConstructionEngineering 🇨🇳 China Bauhauptgewerbe
4%
26. 227 Mrd. $ Costco Wholesale 🇺🇸 USA Einzelhandel
4%
51. 156 Mrd $ Elevance Health 🇺🇸 USA Versicherung
4%
28. 215 Mrd. $ ICBC 🇨🇳 China Bank
4%
66. 133 Mrd. $ Walgreens Boots Alliance 🇺🇸 USA Pharmahandel
4%
32. 187 Mrd. $ Agricultural Bank of China 🇨🇳 China Bank
3%
44. 162 Mrd. $ China Baowu Steel Group 🇨🇳 China Stahl
3%
29. 203 Mrd. $ China Construction Bank 🇨🇳 China Bank
3%
62. 140 Mrd. $ China Mobile 🇨🇳 China Telekommunikation
3%
43. 163 Mrd. $ China Railway Construction 🇨🇳 China Eisenbahnbau
3%
83. 114 Mrd. $ China Southern Power Grid 🇨🇳 China Energieversorgung
3%
77. 121 Mrd. $ Comcast 🇺🇸 USA Telekommunikation
3%
55. 151 Mrd. $ Électricité de France 🇫🇷 Frankreich Energieversorgung
3%
89. 109 Mrd. $ Engie 🇫🇷 Frankreich Energieversorger
3%
56. 151 Mrd. $ Equinor 🇳🇴 Norwegen Öl & Gas
3%
94. 105 Mrd. $ Indian Oil Corporation 🇮🇳 Indien Öl & Gas
3%
58. 148 Mrd. $ Kroger 🇺🇸 USA Einzelhandel
3%
18. 277 Mrd. $ McKesson 🇺🇸 USA Pharmahandel
3%
33. 182 Mrd. $ Ping An Insurance 🇨🇳 China Versicherung
3%
84. 111 Mrd. $ SAIC Motor 🇨🇳 China Automobil
3%
12. 318 Mrd. $ Trafigura 🇳🇱 Niederlande Rohstoffhandel
3%
24. 239 Mrd. $ AmerisourceBergen 🇺🇸 USA Pharmahandel
2%
98. 102 Mrd. $ Archer Daniels Midland 🇺🇸 USA Lebensmittel
2%
34. 181 Mrd. $ Cardinal Health 🇺🇸 USA Pharmahandel
2%
60. 145 Mrd. $ Centene 🇺🇸 USA Versicherung
2%
63. 138 Mrd. $ China CommunicationsConstruction 🇨🇳 China Bauhauptgewerbe
2%
76. 121 Mrd. $ China Energy Investment 🇨🇳 China Energie
2%
54. 151 Mrd. $ China Life Insurance 🇨🇳 China Versicherung
2%
65. 134 Mrd. $ China Minmetals 🇨🇳 China Bergbau
2%
35. 181 Mrd. $ CIGNA 🇺🇸 USA Versicherung
2%
100. 101 Mrd. $ CITIC Group 🇨🇳 China Mischkonzern
2%
87. 110 Mrd. $ COFCO 🇨🇳 China Lebensmittel
2%
93. 106 Mrd. $ Mitsui Group 🇯🇵 Japan Mischkonzern
2%
80. 119 Mrd. $ PEMEX 🇲🇽 Mexiko Öl & Gas
2%
72. 124 Mrd. $ Shandong Energy Group 🇨🇳 China Kohle
2%
38. 174 Mrd. $ Sinochem 🇨🇳 China Chemie
2%
69. 126 Mrd. $ Xiamen C & D 🇨🇳 China Logistik
2%
95. 103 Mrd. $ Xiamen ITG Holding Group 🇨🇳 China Mischkonzern
2%
74. 122 Mrd. $ China Resources 🇨🇳 China Mischkonzern
1%
96. 103 Mrd. $ Itōchū Shōji 🇯🇵 Japan Einzelhandel
1%
Keine übereinstimmenden Quizze gefunden
Verteilung der Resultate
Anzahl Personen mit jedem Resultat
Perzentil nach korrekt beantworteten Fragen
Ihre Resultats-Entwicklung
Sie haben dieses Quiz noch nicht gespielt